|
|
|
|
| LEADER |
01033cam a2200217 7i4500 |
| 001 |
0000018478 |
| 005 |
20061109090000.0 |
| 090 |
0 |
0 |
|a CD 338.09595
|b KEM (M)
|
| 110 |
2 |
0 |
|a Kementerian Perdagangan Antarabangsa dan Industri Malaysia [MITI]
|
| 245 |
2 |
0 |
|a IMP3 :
|b Pelan induk perindustrian ketiga 2006-2020 :
|b Pelan induk perindustrian ketiga 2006-2020 :
|b Malaysia - ke arah daya saing global.
|
| 260 |
0 |
0 |
|a Kuala Lumpur:
|b MITI,
|c 2006.
|
| 300 |
# |
# |
|a Electronic computer optical disc (CD-ROM).
|
| 650 |
0 |
0 |
|a Economic forecasting --
|z Malaysia
|
| 650 |
0 |
0 |
|a Industries --
|x Planning --
|z Malaysia
|
| 650 |
0 |
0 |
|a Industrial development projects --
|x Planning --
|z Malaysia
|
| 650 |
0 |
0 |
|a Industrial policy --
|x Directories --
|z Malaysia
|
| 651 |
0 |
0 |
|a Malaysia
|
| 999 |
|
|
|a CDR000582H
|b CD-ROM
|c AV Collection
|e Business Information Centre
|
| 999 |
|
|
|a CDPNG0034H
|b CD-ROM
|c AV Collection
|e MATRADE Northern Regional Office
|
| 999 |
|
|
|a CDSBH0035H
|b CD-ROM
|c AV Collection
|e MATRADE Sabah
|
| 999 |
|
|
|a CDSRW0002H
|b CD-ROM
|c AV Collection
|e MATRADE Sarawak
|